000 00713nam a2200217 i 4500
001 35674
003 ES-MaACL
005 20230906155202.0
007 t|
008 030213s1973 sp ||||1| spa d
100 1 _aBoudot, Pierre.
_930861
245 1 0 _aNietzsche en miettes /
_cpar Pierre Boudot.
250 _a[1ere ed.].
260 _aParís :
_bPresses Universitaires de France,
_c1973.
300 _a127 p. ;
_c22 cm.
490 1 _aBibliothèque de philosophie contemporaine
600 1 4 _aNietzsche, Friedrich,
_d1844-1900-
_xCrítica e interpretación
_985721
830 0 _aBibliothèque de philosophie contemporaine
_9181027
852 _aES-MaACL
_jL-11906
_bR.113254
999 _c35674
_d35674